| 000 | 00550nam a22001817a 4500 | ||
|---|---|---|---|
| 005 | 20260420154215.0 | ||
| 008 | 260420b |||||||| |||| 00| 0 eng d | ||
| 020 | _a9780412158100 | ||
| 050 |
_aTN 269 .P37 1979 _bC.1 |
||
| 100 | _aParasnis, D. S. | ||
| 245 | _aPrinciples of Applied Geophysics | ||
| 250 | _aThird Edition | ||
| 260 |
_aLondon _bChapman and Hall _c1979 |
||
| 300 | _ax, 275p.:ill. | ||
| 500 | _aIncludes bibliographical references and index | ||
| 650 | _a1. Prospecting - Geophysical methods. 2. Geophysics. | ||
| 942 |
_2lcc _cBK |
||
| 999 |
_c217028 _d217028 |
||